Analýza Qos vo VoIP sieťach
Gespeichert in:
| 1. Verfasser: | |
|---|---|
| Weitere Verfasser: | |
| Format: | Manuskript Buch |
| Sprache: | Slowakisch |
| Veröffentlicht: |
2019
|
| Schlagworte: | |
| Online-Zugang: | http://is.stuba.sk/zp/portal_zp.pl?podrobnosti=141072 |
| Tags: |
Keine Tags, Fügen Sie das erste Tag hinzu!
|
MARC
| LEADER | 00000ntm a22000003a 4500 | ||
|---|---|---|---|
| 001 | stuzp71654 | ||
| 003 | SK-STU | ||
| 005 | 20190719090119.4 | ||
| 007 | ta | ||
| 008 | 150427s2015----xo-----f-mn---000-0-slo-d | ||
| 040 | |a STU |b slo | ||
| 041 | 0 | |a slo | |
| 044 | |a xo | ||
| 100 | 1 | |a Beňo, Jakub |u 037000 |4 aut |U FEI Fakulta elektrotechniky a informatiky |T FEI Ústav multimediálnych informačných a komunikačných technológií |X 80738 |U E070 |Y 818 |7 80738 | |
| 242 | 0 | 1 | |a Analyse of QoS in VoIP networks |y eng |
| 245 | 1 | 0 | |a Analýza Qos vo VoIP sieťach |
| 260 | |c 2019 | ||
| 300 | |a 41 s. | ||
| 650 | 4 | |a FIFO |2 slo | |
| 650 | 4 | |a VoIP |2 slo | |
| 650 | 4 | |a QoS |2 slo | |
| 650 | 4 | |a WFQ |2 slo | |
| 650 | 4 | |a LLQ |2 slo | |
| 650 | 4 | |a VoIP |2 eng | |
| 650 | 4 | |a FIFO |2 eng | |
| 650 | 4 | |a WFQ |2 eng | |
| 650 | 4 | |a LLQ |2 eng | |
| 650 | 4 | |a QoS |2 eng | |
| 700 | 1 | |a Poláček, Róbert |u 037000 |k Z3 |4 ths |U FEI Fakulta elektrotechniky a informatiky |T FEI Ústav multimediálnych informačných a komunikačných technológií |X 73023 |U E070 |Y 818 |7 73023 | |
| 856 | 4 | |u http://is.stuba.sk/zp/portal_zp.pl?podrobnosti=141072 | |
| 996 | |b 284ER02890 |c E*Bc- 2890 |l EE37 |s P |a 0 |w stuzp71654_0001 | ||